Widok standardowy
Widok MARC
Pozycja Topical Term
Liczba rekordów, w których użyto hasła: 2
001 - Numer kontrolny
- control field: 39324
003 - Identyfikator numeru kontrolnego
- control field: NUKAT
005 - Data i czas ostatniej modyfikacji
- control field: 20260331142718.0
008 - Dane kontrolne kodowane (40 znaków)
- fixed length control field: 190919n||aaznnbabn |a ana |c
010 ## - Numer kontrolny Biblioteki Kongresu
- numer kontrolny LC: sx2018703417
040 ## - Instytucja sporządzająca rekord
- inst. przygot. dane do rek. khw: POZN U/DW
- język haseł przedmiotowych/tezaurus: kaba
- inst. wprow. rek. khw: POZN U/DW
150 ## - Hasło - nazwa pospolita
- nazwa posp. lub nazwa geogr. na pocz.: Parafie
- określnik geograficzny: Polska
- określnik geograficzny: Mazury (region)
- określnik rzeczowy: historia.